00269pab a2200109 454500008004000000245003800040260000900078300001300087362001200100650001300112773003400125180718b1990 xxu||||| |||| 00| 0 eng d aReview of industry and management c1990 aM-98-152 a25 Aug. aIndustry aEconomic and Political Weekly